000 00498 a2200205 4500
005 20260218112036.0
008 260217b |||||||| |||| 00| 0 eng d
020 _a9789386053374
_cRs. 1250.00
040 _aMAIN
082 _a336
_bB469P
100 _aBhatia, A K
245 _aPublic economics
260 _bWisdom Press
_c2026
_aNew Delhi
300 _av, 170
650 _aEconomics
650 _aPublic Finance
650 _aPublic Expenditures
650 _aTaxation
942 _cBK
999 _c395926
_d395926